Creative greeting cards

Bibliographic Details
Main Author: Genovese, Sandi
Format: Book
Published: New York : Sterling Publishing Co. Inc. , 2000
Subjects:

MARC

LEADER 00000cam a2200000 7i4500
001 0000140268
005 20100713.0
020 |a 0806987715 
020 |a 9780806987712 
090 0 0 |a 745.5941   |b GEN 
100 1 |a Genovese, Sandi 
245 0 0 |a Creative greeting cards   |c Sandi Genovese 
260 |a New York :   |b Sterling Publishing Co. Inc. ,   |c 2000 
300 |a 128p. ;   |c 25.5cm. 
650 0 0 |a Greeting cards 
999 |a 00235927   |b BUKU   |c PINJAMAN   |e PERPUSTAKAAN KOMUNITI PETALING JAYA